| 000 | 01305nam a2200253Ia 4500 | ||
|---|---|---|---|
| 003 | Ost | ||
| 005 | 20260507075650.0 | ||
| 008 | 260507s9999||||xx |||||||||||||| ||und|| | ||
| 020 | _a5924279953 | ||
| 040 | _cfsecg | ||
| 041 | _aara | ||
| 082 | _a658.001 | ||
| 100 |
_aخليل، موسى _eمؤلف |
||
| 245 | 0 |
_aالإدارة المعاصرة : _bالمبادئ- الوظائف- الممارسة / _c موسى خليل |
|
| 260 |
_aبيروت: _bالمؤسسة الجامعية للدراسات والنشر والتوزيع, _c2005 |
||
| 300 |
_a239 صفحة؛ _bإيضاحات ؛ _c24 سم |
||
| 490 | _aسلسلة الكتب الجديدة | ||
| 504 | _aالمراجع ص.226 | ||
| 520 | _aمفهوم وأهمية الإدارة- المديرين- المحيطات والمتغيرات الحديثة- التخطيط الإداري- التنظيم الإداري- التوجيه الإداري- الإتصال الإداري- التفاوض- التحفيز الإداري- الرقابة الإدارية- التقييم الإداري والتقويم- القرارات الإدارية- القيادة الإدارية. | ||
| 653 | _aإدارة الأعمال- الفلسفة | ||
| 653 | _aالإدارة العامة | ||
| 653 | _aالإدارة- الفلسفة | ||
| 942 | _cكتاب | ||
| 999 |
_c45584 _d45584 |
||